=LDR 00000nam 2200000 4500 =001 INLIS000000000051992 =005 20180117090419 =035 ##$$a 0010-0118000180 =007 ta =008 180117###########################0###### =020 ##$$a 978-979-007-648-8 =082 ##$$a 346.033 =084 ##$$a 346.003 ADA m =100 #$$a Adami Chazawi =245 1#$$a Malapraktik Kedokteran /$c Adami Chazawi =260 ##$$a Jakarta :$b Sinar Grafika,$c 2016 =300 ##$$a xii, 270 hlm. ; $c 23 cm =500 ##$$a Biografi : hlm. 269 =650 ##$$a Malapraktik Kedokteran =504 ##$$a Bibliografi : hlm. 235 =990 ##$$a 09730973 =990 ##$$a 09730973 =990 ##$$a 09730973 =990 ##$$a 09730973 =990 ##$$a 09730973 =990 ##$$a 21705606 =990 ##$$a 01201800973 =990 ##$$a 01201800974 =990 ##$$a 01201800975 =990 ##$$a 01201800976 =990 ##$$a 21705607 =990 ##$$a 01201800973 =990 ##$$a 01201800974 =990 ##$$a 01201800975 =990 ##$$a 21705606 =990 ##$$a 21705608 =990 ##$$a 01201800973 =990 ##$$a 01201800974 =990 ##$$a 21705607 =990 ##$$a 21705606 =990 ##$$a 21705609 =990 ##$$a 01201800973 =990 ##$$a 21705608 =990 ##$$a 21705607 =990 ##$$a 21705606 =990 ##$$a 21705610 =990 ##$$a 21705609 =990 ##$$a 21705608 =990 ##$$a 21705607 =990 ##$$a 21705606